|
|
|
|
| LEADER |
00888nam a22001937a 4500 |
| 020 |
|
|
|a 81-7130-468-0
|
| 082 |
|
|
|a 894.M301
|b PAD/P P6
|
| 100 |
|
|
|a ടി പത്മനാഭന്;
|9 80771
|
| 100 |
|
|
|a T Padmanabhan
|9 80772
|
| 240 |
|
|
|a Prakasam parathunna oru penkutty
|
| 245 |
|
|
|a പ്രകാശം പരത്തുന്ന ഒരു പെണ്കുട്ടി
|
| 250 |
|
|
|a 4th / 1st (1995)
|
| 260 |
|
|
|a Kottayam;
|b D C Books;
|c 2006
|
| 300 |
|
|
|a 123p.
|
| 650 |
|
|
|a മലയാളം; മലയാളം സാഹിത്യം; മലയാളം ചെറുകഥകള്
|9 80773
|
| 650 |
|
|
|a Malayalam; Malayalam Literature; Malayalam Short Stories
|9 80774
|
| 942 |
|
|
|c BK
|
| 999 |
|
|
|c 35113
|d 35113
|
| 952 |
|
|
|0 0
|1 0
|4 0
|6 894_000000000000000_M301_PAD_P_P6
|7 0
|8 STO
|9 39223
|a MAL
|b MAL
|d 2015-05-30
|e 20142
|g 45.00
|l 0
|o 894.M301 PAD/P P6
|p MAL020142
|r 2015-05-30
|t 1
|w 2015-05-30
|y BK
|